000
00332nam a2200133Ia 4500
008
191201s1978 xx 000 0 und d
082
_a
677.064
_b
OYG
100
_a
OYABU, Naoharu
245
2
_a
A Guide to Printing Techniques
260
_a
New Delhi
_b
Mahajan Brother
_c
1978
300
_a
53
650
_a
B.Tech(TE)
942
_2
ddc
_c
BK
999
_c
2276
_d
2276